000 00303nam a22001337a 4500
020 _a978-1-4052-2545-8
082 _a823
_bNIM/C
100 _aNIMMO, JENNY
245 _aCHARLIE BONE AND THE BLUE BOA
260 _aLONDON
_bEGMONT
_c2004
300 _a371
650 _aNOVEL
_zUNITED KINGDOM
942 _cBK
999 _c3641
_d3641